00889nam a2200277 u 450000100070000000500170000700800410002403500110006503500210007604000130009704100080011008000060011808000060012411000390013024500770016926000610024630000180030761000610032561000680038665000310045465000260048565000290051165000230054065000180056365000300058154580920260506083204.0990907s1998 spa  a545809 a(OCoLC)777656207 ccomduadb aspa aQ aR20aUniversidad de Antioquia4auteaut10aCatálogo de investigaciones : grupos y centros de investigación 1998 aMedellín :bEditorial Universidad de Antioquia,c1998. a572 páginas24aUniversidad de Antioquia.bPrograma de Regionalización17aUniversidad de Antioquia.bVicerrectoría de Investigación2 7aEducación superior2lemb 7aInvestigación2lemb 7aCiencias sociales2embne aCiencias naturales 7aCiencia2lemb 7aCiencias de la vida2lemb